Management
Guardado en:
| Autores principales: | , |
|---|---|
| Formato: | Libro |
| Lenguaje: | inglés |
| Publicado: |
New Jersey :
Prentice Hall,
1996
|
| Edición: | 5 ed. |
| Materias: | |
| Etiquetas: |
Sin Etiquetas, Sea el primero en etiquetar este registro!
|
MARC
| LEADER | 00000nam a22000003a 4500 | ||
|---|---|---|---|
| 001 | stu89741 | ||
| 005 | 20150617225623.8 | ||
| 008 | 040830s1996----xxu-----------------eng-d | ||
| 020 | |a 0-13-486556-1 | ||
| 040 | |a STU |b slo | ||
| 041 | 0 | |a eng | |
| 044 | |a xxu | ||
| 080 | |a 658.5 | ||
| 100 | 1 | |a Robbins, Stephen P. |4 aut | |
| 245 | 1 | |a Management | |
| 250 | |a 5 ed. | ||
| 260 | |a New Jersey : |b Prentice Hall, |c 1996 | ||
| 300 | |a 769 s | ||
| 650 | 7 | |a manažment |2 stusub | |
| 700 | 1 | |a Coulter, Mary |4 aut | |
| 996 | |b 284M056052 |c M*9947-1 |l MMKN |s A |a 24 |w stu89741_0001 | ||